000 00857nam0a22002291 4500
001 v19\rc\2093978
005 20260407005024.0
035 _a(NLR Aleph) 005164118
090 _a5012372
_c5012372
100 _a20081218d1914 |||y0rusy50 ca
101 0 _arus
102 _aRU
105 _ay z |||||
200 1 _aСап
_eКак предохранить скот от заразы
_eЗаимствовано из изд. Харьков. губ. земства
_fСквир. уезд. земство. Вет. отд-ние
210 _aКиев
_d1914
215 _a16 с.
_d19
712 0 2 _aСквирская уездная земская управа
_bВетеринарное отделение
_9488947
_3RU\NLR\AUTH\889995964
801 0 _aRU
_bNLR
_gpsbo
801 1 _aRU
_bProSoft-M
_2rusmarc
852 _aNLR
_bЗем
_j15-8/3
942 _cBOOK
980 _aNB